Strategic Bussines and IT Alignment assessment A modeling Approach associated with Enterprise architecture

Las principales aportaciones de esta tesis son de métodos de evaluación SBITA, el primero es el enfoque de toda la organización (método) desarrollado como una mejora SBITA enfoque de evaluación en términos de medición, la trazabilidad y la participación de la organización de Jerry N. Luftma...

Full description

Bibliographic Details
Main Author: Plazaola Prado, José Leonel
Other Authors: Tutor: Cegrell, Torsten
Format: Tesis Section = Libro
Language:Undetermined
Spanish
Published: Stockholm, Sweden KTH Royal Institute of Technology 2009
Subjects:
LEADER 01580nam a2200241Ia 4500
008 240830s9999 xx 000 0 und d
040 |a BIBLIOTECA-RUPAP D.Mon 658.4012 P723 
041 |a spa 
082 |a D.Mon 658.4012 P723 
100 1 |a Plazaola Prado, José Leonel 
245 1 0 |a Strategic Bussines and IT Alignment assessment A modeling Approach associated with Enterprise architecture 
260 |a Stockholm, Sweden  |b KTH Royal Institute of Technology  |c 2009 
300 |a 139 p. :il. 
500 |a Titulo traducido al español: Evaluación del alineamiento estratégico de los procesos institucionales y las tecnologías de la información en método de modelación asociado a arquitecturas institucionales. 
502 |a Tesis (Doctor en Filosofía)- UNI, 2009. 
520 3 |a Las principales aportaciones de esta tesis son de métodos de evaluación SBITA, el primero es el enfoque de toda la organización (método) desarrollado como una mejora SBITA enfoque de evaluación en términos de medición, la trazabilidad y la participación de la organización de Jerry N. Luftman's, el segundo método de evaluación metamodelo (AMAM en inglés), ambos métodos tienen sus raíces bien establecidas en las referencias y planteamientos, su desarrollo, la vinculación entre ellos y sus aplicaciones presentan, en los documentos se incluyen estudios de caso. 
650 7 |a ADMINISTRACIÓN ESTRATÉGICA 
650 7 |b ENFOQUE DE MODELADO 
650 7 |c METAMODELO 
700 1 |a Tutor:  |b Cegrell, Torsten 
942 |c BK  |2 ddc 
991 |a TESIS 
999 |c 15147